| 000 | 01180cam a2200277 i 4500 | ||
|---|---|---|---|
| 003 | SA-RiAUC | ||
| 005 | 20241204130217.0 | ||
| 008 | 241203s2007 su g 000 0 ara c | ||
| 020 | _a9960701484 | ||
| 040 |
_aSA-RiIMS _bara _cSA-RiAUC _erda |
||
| 082 | 0 | 4 |
_a251 _qSA-RiAUC |
| 090 |
_a251 _bش ث ر |
||
| 100 | 1 |
_aالشثري، سعد بن ناصر بن عبد العزيز، _d1384 هجري- _eمؤلف. |
|
| 245 | 1 | 0 |
_aشرح رسالة في أصول الفقه للعكبري / _cسعد بن ناصر بن عبد العزيز الشثري. |
| 250 | _aالطبعة الأولى. | ||
| 264 | 1 |
_aالرياض : _bدار كنوز أشبيليا للنشر والتوزيع، _c2007 |
|
| 300 |
_a180 صفحة ؛ _c24 سم |
||
| 336 |
_aنص _btxt _2rdacontent _3كتاب |
||
| 337 |
_aبدون وسيط _bn _2rdamedia |
||
| 338 |
_aمجلد _bnc _2rdacarrier |
||
| 650 | 7 |
_aأصول الفقه الإسلامي _2aucsh |
|
| 700 | 1 | 2 |
_aابن شهاب، الحسن بن شهاب بن الحسن، _d335-428 هجري _tرسالة في أصول الفقه. |
| 740 | 0 | 2 | _aرسالة في أصول الفقه. |
| 942 |
_2ddc _cBOOK _n0 |
||
| 949 |
_aSA-JeALM _d241203 _umohamedma123 _n1 |
||
| 999 |
_c3018 _d3018 |
||